Voting over income tax schedules (Registro nro. 25795)

Detalles MARC
000 -LEADER
fixed length control field 00322 a2200109 4500
001 - CONTROL NUMBER
control field ART_11749
005 - DATE AND TIME OF LATEST TRANSACTION
control field 20260410161900.0
008 - FIXED-LENGTH DATA ELEMENTS--GENERAL INFORMATION
fixed length control field 260409a
100 1# - MAIN ENTRY--PERSONAL NAME
Personal name Roberts, Kevin
245 10 - TITLE STATEMENT
Title Voting over income tax schedules
773 0# - HOST ITEM ENTRY
Title Journal of public economics
Related parts - Vol. 8, Nº 3 (dic. 1977)
Record control number REV11485

No hay ítems disponibles.